Ams̲āl va ḥikam. (Record no. 50072)

MARC details
000 -LEADER
fixed length control field 00479cam a22001931 4500
001 - CONTROL NUMBER
control field ne 68000502
003 - CONTROL NUMBER IDENTIFIER
control field DLC
005 - DATE AND TIME OF LATEST TRANSACTION
control field 20260227111838.0
008 - FIXED-LENGTH DATA ELEMENTS--GENERAL INFORMATION
fixed length control field 950427s1960 ir 000 0 pero
010 ## - LIBRARY OF CONGRESS CONTROL NUMBER
LC control number ne 68000502
035 ## - SYSTEM CONTROL NUMBER
System control number (OCoLC)32378976
040 ## - CATALOGING SOURCE
Original cataloging agency DLC
Transcribing agency CU
Modifying agency CU
-- DLC
050 00 - LIBRARY OF CONGRESS CALL NUMBER
Classification number PN6519.P5
Item number D5
100 1# - MAIN ENTRY--PERSONAL NAME
Personal name Dihkhudā, ʻAlī Akbar,
Dates associated with a name 1879-1955.
245 10 - TITLE STATEMENT
Title Ams̲āl va ḥikam.
260 ## - PUBLICATION, DISTRIBUTION, ETC.
Date of publication, distribution, etc. [1960]
300 ## - PHYSICAL DESCRIPTION
Extent 4 v.
Dimensions 25 cm.
650 #0 - SUBJECT ADDED ENTRY--TOPICAL TERM
Topical term or geographic name entry element Proverbs, Persian.

No items available.

Powered by Koha